000 00503nam a2200181Ia 4500
003 LK-CoDNM
008 010623t1989 xxu||||| |||| 00| 1 sin d
040 _aLK-CoDNM
_dLK-CoDNM
_eLK-CoDNM
041 _asin
080 _a92 [3]
100 _aNandisena, G.W.
245 _aඩාර්වින්, ෆර්ොයිඩි සහ අයින්ස්ටයින්
246 _aDarvin Froide Ainstine
260 _bAuthor
_c1989
300 _b168, 18 cm
650 _aBiography
942 _cBK
999 _c114356
_d114356